Xây dựng giao diện Người - Máy Luận văn Thạc sĩ Công nghệ Thông tin. Chuyên ngành Công nghệ Thông tin

Đề tài được xây dựng để giúp người sử dụng hiểu được các đặc điểm và tác dụng của âm thanh trong thiết kế giao diện người - máy. Từ đó có hướng phát triển giao diện một cách khoa học, phù hợp nhất để tạo ra được sự tương tác,...

全面介绍

Đã lưu trong:
书目详细资料
主要作者: Nguyễn, Văn Thơm
格式: 图书
语言:Undetermined
出版: Cần Thơ Trường Đại học Cần Thơ 2013
主题:
标签: 添加标签
没有标签, 成为第一个标记此记录!
Thư viện lưu trữ: Trung tâm Học liệu Trường Đại học Cần Thơ
LEADER 01333nam a2200217Ia 4500
001 CTU_181901
008 210402s9999 xx 000 0 und d
082 |a 004.01 
082 |b Th463 
088 |a 60480104 
100 |a Nguyễn, Văn Thơm 
245 0 |a Xây dựng giao diện Người - Máy 
245 0 |b Luận văn Thạc sĩ Công nghệ Thông tin. Chuyên ngành Công nghệ Thông tin 
245 0 |c Nguyễn Văn Thơm ; Phạm Thị Xuân Lộc (Giáo viên hướng dẫn) 
260 |a Cần Thơ 
260 |b Trường Đại học Cần Thơ 
260 |c 2013 
520 |a Đề tài được xây dựng để giúp người sử dụng hiểu được các đặc điểm và tác dụng của âm thanh trong thiết kế giao diện người - máy. Từ đó có hướng phát triển giao diện một cách khoa học, phù hợp nhất để tạo ra được sự tương tác, sự thân thiện, hiệu quả trong giao diện người và máy có sử dụng âm thanh. 
650 |a Human-computer interaction,Tương tác con người-máy tính 
904 |i Thanh Khuyên, Trúc 
980 |a Trung tâm Học liệu Trường Đại học Cần Thơ